Statistics for The Most Random Stuff #3

Click here to take the quiz!

General Stats

  • This quiz has been taken 7 times
  • The average score is 9 of 20

Answer Stats

HintAnswer% Correct
Second-largest U.S. state
Texas
100%
Ocean between the Americas and Europe/AfricaAtlantic
71%
Web browser made by GoogleChrome
71%
Location (city) of the tallest building in the worldDubai
71%
Country that borders Papua New GuineaIndonesia
71%
African island country with a cartoon movie made with the same nameMadagascar
71%
Letters on the bottom row of the QWERTY keyboardzxcvbnm
71%
Quiz website with a fish for a logoJetPunk
57%
Type 28owog$^H in the answer spot28owog$^H
43%
Tampa NHL teamLightning
43%
Capital of SurinameParamaribo
43%
2015-16 season NBA MVPStephen Curry
43%
Year Peyton Manning switched teams from the Colts to the Broncos2012
29%
Number of lawsuits Deshaun Watson faced prior to the 2022 NFL season23
29%
Company that made the most popular annual NBA video game2k
29%
Largest words on the JetPunk home screenWelcome to JetPunk
29%
Rapper that made the song "Mo Bamba"Sheck Wes
14%
Name of Lightning McQueen's agentHarv
0%
Businessman, sometimes known as Mr. Wonderful, known for being on "Shark Tank"Kevin O'Leary
0%
Team name for Grand Valley State University sportsLakers
0%

Score Distribution

Percentile by Number Answered

Percent of People with Each Score

Your Score History

You have not taken this quiz